Das Falkenauer Land
| Titel: | Das Falkenauer Land : Die Entwicklung bis 1945/1946 |
|---|---|
| Verfasser: | |
| In: |
Jahrbuch der Egerländer, Band 46 (1999), Seite 58-60 alle Artikel anzeigen |
| Veröffentlicht: | 1999 [1998] |
| Format: | Aufsatz |
| Sprache: | Deutsch |
X
alg: 39157529 001A $01999:11-11-16 001B $01999:29-03-21 $t21:45:23.000 001C $06050:19-11-16 $t09:15:29.000 001D $01999:11-11-16 001U $0utf8 001X $00 002@ $0Aox 003@ $0391575295 007A $0391575295 $aHEB 007T $0Herd59204 010@ $ager 011@ $a1999 $n1999 [1998] 021A $aDas @Falkenauer Land $dDie Entwicklung bis 1945/1946 028A $aPleyer $dWenzel 031A $d46 $h58-60 $j1999 039B $aIn $8--Abvc--. Jahrbuch der Egerländer. - Nürnberg : HPV Druck + Versand GmbH, 1953-[2022] $x199900000460000942 $9047691646 045F $a907.2094371 $eDDC23BSB 045F/01 $a907.2 045F/03 $g4371 045T $a7,41 lok: 39157529 78 exp: 39157529 78 1 #EPN 201B/01 $026-11-17 $t00:44:33.000 201U/01 $0utf8 203@/01 $0787669547 208@/01 $a11-11-16 $be 209A/01 $a/ $f000 $x00 220C/01 $aTitelaufnehmer: rk 244Z/01 $#Tschechien $#Tschechische Republik $#Tschechische Republik $#Tschechenland $#Tschechei Tschechien $#Česká Republika $#Czech Republic $#ČR $74303381-7 $8--Tg1--Tschechien $x01 $9086659812 244Z/01 $2Trx $#Böhmen $#Bohemia $#Czechy $8--Trx--Čechy $x02 $9391188941 244Z/01 $2Trx $#Falkenau B. $#Falkenau an der Eger $#Falknov nad Ohří -1948 $8--Trx--Sokolov $x03 $9391327518 244Z/01 $aGeschichte 1946 $x04 244Z/01 $2Trx $#ülevaated kohad $#vietovės bendras $#overview cities $#ábrázolások, átfogó helyek $#miejscowości poszczególne $#dejiny miestne $#dějiny místní $#Ortsgeschichte $#Städte $#Orte $#miasta $#miestne dejiny $8--Trx--Darstellungen, übergreifende$gOrte $x05 $9391384228 244Z/01 $2Trx $8--Trx--Zeitschriftenaufsatz $x06 $9391384341 245Z/01 $a13.03 $x01 245Z/01 $a06.01 $x02 247C/01 $82080>Marburg/Lahn, Herder-Institut, Forschungsbibliothek, Bibliographieportal $9336309341
| LEADER | 00000caa a22000002c 4500 | ||
|---|---|---|---|
| 001 | 391575295 | ||
| 003 | DE-603 | ||
| 005 | 20210329214523.0 | ||
| 007 | tu | ||
| 008 | 161111s1999 xx |||| | u00||u|ger c | ||
| 035 | |a (DE-599)HEB391575295 | ||
| 040 | |a DE-603 |b ger |c DE-603 |d DE-603 | ||
| 041 | |a ger | ||
| 082 | 0 | 4 | |8 1\u |a 907.2094371 |q DE-101 |2 23/BSB |
| 084 | |a 7,41 |2 ssgn | ||
| 085 | |8 1\u |b 907.2 | ||
| 085 | |8 1\u |z 2 |s 4371 | ||
| 100 | 1 | |a Pleyer, Wenzel | |
| 245 | 0 | 0 | |a Das Falkenauer Land |b Die Entwicklung bis 1945/1946 |
| 264 | 0 | |c 1999 [1998] | |
| 773 | 0 | 8 | |i In |t Jahrbuch der Egerländer |d Nürnberg : HPV Druck + Versand GmbH, 1953-[2022] |g Band 46 (1999), Seite 58-60 |w (DE-603)047691646 |w (DE-600)505324-9 |
| 924 | 0 | |9 2080 |a (DE-603)787669547 |b DE-2080 |c HES |d d |g / | |


